000 01930nam0a2200373 4500
001 RU\NLR\BIBL_A\011427252
005 20260408183721.0
035 _a(NLR Aleph) 011427252
090 _a11634353
_c11634353
100 _a20170627d1981 |||y0rusy50 ca
101 0 _arus
102 _aRU
105 _aabc z 001zy
200 1 _aРабочий класс в первой российской революции 1905-1907 гг.
_f[В. И. Бовыкин, Г. М. Деренковский, А. П. Корелин и др.]
_gРедкол.: Бовыкин В. И. (отв. ред.) и др.
_gАН СССР, Ин-т истории СССР, ВЦСПС, Высш. школа профдвижения
210 _aМ.
_cНаука
_d1981
215 _a432 с., 3 л. портр., карт.
_cил.
_d25
225 1 _aИстория рабочего класса СССР
_fРедкол.: Хромов С. С., Нарочницкий А. Л. (председатели) и др.
300 _aАвт. указаны на 26-й с.
320 _aБиблиогр.: с. 418-426
320 _aБиблиогр. в примеч.: с. 378-411
320 _aУказ. имен: с. 427-429
606 1 _aБуржуазно-демократическая революция
_z1905 - 1907
_91000004
_3RU\NLR\AUTH\6661312
606 _aРабочее движение
_yРоссия
_z1905
_91713289
_3RU\NLR\AUTH\661061316
686 1 _aТ3(2)522.9-42
701 1 _aБовыкин
_bВ. И.
_gВалерий Иванович
_4070
_4340
701 1 _aДеренковский
_bГ. М.
701 1 _aКорелин
_bА. П.
_f1933-
_gАвенир Павлович
712 0 2 _aИнститут истории СССР
_cМосква
_9278005
_3RU\NLR\AUTH\883382
852 _aNLR
_j82-7/58
942 _cBOOK
980 _aNB